000
00291nam a2200097Ia 4500
005
20250424112903.0
008
250424s9999 xx 000 0 und d
300
_a
xl, 415 p. ; 28 cm.
650
_a
Languages, Modern--Bibliography. Literature--History and criticism--Bibliography.
942
_c
SR
999
_c
37708
_d
37708